Introduction to anthropology (Record no. 29608)

MARC details
000 -LEADER
fixed length control field 00320nam a2200133Ia 4500
082 ## - DEWEY DECIMAL CLASSIFICATION NUMBER
Classification number 572
Item number BEA
100 ## - MAIN ENTRY--AUTHOR NAME
Personal name Beals, Ralph L
245 #0 - TITLE STATEMENT
Title Introduction to anthropology
250 ## - EDITION STATEMENT
Edition statement Ed.5
260 ## - PUBLICATION, DISTRIBUTION, ETC. (IMPRINT)
Place of publication New York
Name of publisher Macmillan
Year of publication 1977
650 ## - SUBJECT ADDED ENTRY--TOPICAL TERM
Topical Term Anthropology
942 ## - ADDED ENTRY ELEMENTS (KOHA)
Koha item type Books
Holdings
Withdrawn status Lost status Damaged status Not for loan Home library Current library Date acquired Full call number Accession Number Koha item type
        RRII Library RRII Library 16/12/2021 572 BEA 10191 Books